Saltar ao contenido

Госпитальная педиатрия учебник

В учебнике, подготовленном для студентов, изучающих дисциплину "Госпитальная педиатрия", в соответствии с программой обучения рассмотрены основные ее разделы (неонатология, пульмонология, кардиология, гастроэнтерология, нефрология, гематология, эндокринология, основы сердечно-легочной реан...

Descrición completa

Gardado en:
Detalles Bibliográficos
Autor Principal: Бельмер С.В
Formato: Книга
Темы:
Acceso en liña:https://www.studentlibrary.ru/book/ISBN9785970463727.html
Метки: Engadir etiqueta
Sen Etiquetas, Sexa o primeiro en etiquetar este rexistro!
LEADER 01877nam a2200253 4500
001 book/ISBN9785970463727
005 20250903142001.0
010 |a 978-5-9704-6372-7 
100 |a 20210718c2022 u y0rusy50 ca 
101 | |a rus 
102 |a RU 
105 |a ||||||||000yy 
200 1 |a Госпитальная педиатрия  |e учебник  |f Бельмер С.В., Ильенко Л.И. 
210 1 |a Москва  |c ГЭОТАР-Медиа  |d 2022 
215 |a 1072 c. 
330 |a В учебнике, подготовленном для студентов, изучающих дисциплину "Госпитальная педиатрия", в соответствии с программой обучения рассмотрены основные ее разделы (неонатология, пульмонология, кардиология, гастроэнтерология, нефрология, гематология, эндокринология, основы сердечно-легочной реанимации у детей), а также представлен дополнительный материал, необходимый для углубленного ее освоения.Учебник предназначен студентам медицинских и фармацевтических вузов, обучающимся по специальности 31.05.02 "Педиатрия" по дисциплине "Госпитальная педиатрия". 
610 0 |a Клиническая медицина 
675 |a 616.1/.9-039-053.2-07-085(075.8) 
686 |a 57.334/337-35-4-5я73-1  |2 rubbk 
700 1 |a Бельмер  |b С.В. 
701 1 |a Ильенко  |b Л.И. 
801 0 |a RU  |b Geotar  |c 20210718  |g RCR  |2 rusmarc 
801 1 |a RU  |b Geotar  |c 20210718 
856 4 |u https://www.studentlibrary.ru/book/ISBN9785970463727.html